Boys' Names in Top 1000-I (2023) - Statistics

General Stats
  • This quiz has been taken 216 times
  • The average score is 8 of 18
Answer Stats
Answer % Correct
Isaac
86%
Issac
86%
Ian
83%
Ivan
82%
Isaiah
71%
Isaias
71%
Izaiah
71%
Israel
58%
Ira
44%
Ismael
42%
Ibrahim
38%
Iker
26%
Idris
25%
Ignacio
13%
Ishaan
11%
Imran
7%
Izael
2%
Izan
2%
No matching quizzes found
Score Distribution
Percent of People with Each Score
Percentile by Number Answered
Your Score History
You have not taken this quiz